US State Capital Superlatives - Statistics

General Stats
  • This quiz has been taken 61 times
  • The average score is 12 of 20
Answer Stats
Hint Capital % Correct
Northernmost Juneau
86%
Most populous Phoenix
86%
Southernmost and Westernmost Honolulu
84%
Eastermost Augusta
82%
Westernmost (excluding Alaska & Hawaii) Salem
80%
Least populous Montpelier
76%
Northernmost (excluding Alaska & Hawaii) Olympia
73%
Driest Phoenix
71%
Most populous capital that is NOT its state's largest city Austin
63%
Largest metro area Atlanta
57%
Longest continuously serving capital (includes colonial times) (1630) Boston
55%
Longest serving capital (in terms of statehood) (1787) Dover
55%
Highest elevation Santa Fe
51%
Shortest named (5 letters) capital (2 answers) Boise / Dover
47%
Snowiest Montpelier
43%
Longest named (13 letters) capital Jefferson City
39%
Oldest capital (includes colonial times) (1610) Santa Fe
39%
Capitals that served as national capital in 1784 (2 answers) Annapolis / Trenton
31%
Wettest Juneau
27%
Shortest serving current state capital (1910) Oklahoma City
20%
No matching quizzes found
Score Distribution
Percent of People with Each Score
Percentile by Number Answered
Your Score History
You have not taken this quiz